000 01211cam a2200301Ia 4500
001 008653
003 OSt
005 20200317092432.0
008 050810s1996 cc 000 0 chi d
020 _a9622710441 (v. 1)
020 _a9789622710443 (v. 1)
020 _a9622710492 (v. 2)
020 _a9789622710498 (v. 2)
066 _c$1
100 1 _a吳羅瑜 Ng, Esther Yue L.,
_d1947-
245 1 0 _a義僕與君王: 馬太福音注釋(卷下) Yi pu yu jun wang : Matai fu yin zhu shi {ch} /
_c吳羅瑜 著. ; Esther Yue L Ng; Wu Luo Yu zhu.
246 3 0 _aMatai fu yin zhu shi
246 1 _iEnglish colophon title:
_aRighteous servant and king :
_ba commentary on the Gospel of Matthew.
260 _aXianggang :
_bZhongguo shen xue yan jiu yuan,
_c1996.
300 _a464 p. ;
_c21 cm.
336 _2rdacontent
_atext
337 _2rdamedia
_aunmediated
338 _2rdacarrier
_avolume
490 1 _a生命的詮釋叢書 Sheng ming de quan shi cong shu =
_aCGST expository preaching series
500 _aColophon title: Righteous servant and king : a commentary on the Gospel of Matthew / by Esther Yue L. Ng.
630 0 0 _aBible.
_pN.T.
_pMatthew
_vCommentaries {ch}.
942 _2lcc
_cBK
_02
999 _c37706
_d37706